000 00618nam a2200193 a 4500
001 1200
005 20140414132000.0
008 041110s19uu xx 00 eng d
050 _aTR 813.08
_bL41 1994
100 _aLaw, Felicia
245 _aLearn about place /
_cStory by Felicia Law ; illustrations by Steve Smallman, Shirley Tourret.
260 _aU.K :
_bWorld Books,
_c1994.
300 _ap. : ill. ; cm.
440 _aEarly World of Learing-Poldy
520 _aThe Place storybooks describes Poldy's trip into the desert.
650 _aPlaces
_xFiction.
650 _aChildren stories.
999 _c113046
_d113046